Forestry Research <A> Provisional Global Inventory

Enregistré dans:
Détails bibliographiques
Format: Livre
Langue:anglais
Publié: New Haven Yale University 1988
Édition:1. ed.
Collection:Center Paper No.412
Tags: Ajouter un tag
Pas de tags, Soyez le premier à ajouter un tag!

MARC

LEADER 00000nam a2200000 4500
001 c028954
005 20221219115847.0
041 0 |a eng 
044 |a US 
245 1 0 |a Forestry Research  |b <A> Provisional Global Inventory 
250 |a 1. ed. 
264 1 |a New Haven  |b Yale University  |c 1988 
300 |a S.150-171 
490 1 |a Center Paper  |v No.412 
830 0 |a Center Paper  |v No.412